| 000 | 00481nam a2200241Ia 4500 | ||
|---|---|---|---|
| 001 | 072998 | ||
| 003 | YMCAF | ||
| 005 | 20230512160822.0 | ||
| 008 | 100717s9999 ||||||||||||||||| ||und|d | ||
| 020 | _a- | ||
| 024 | _a72998 | ||
| 035 | _a12461 | ||
| 040 |
_aYMCAF _beng _cIN-KoLT |
||
| 041 | _aeng | ||
| 082 |
_a629.8 _bKUO |
||
| 100 | _aKUO, B C | ||
| 245 | 0 | _aAUTOMATIC CONTROL SYSTEM | |
| 250 | _a- | ||
| 260 | _bTMH | ||
| 653 | _a- | ||
| 653 | _a- | ||
| 942 |
_2ddc _cBK |
||
| 999 |
_c6588 _d6588 |
||